<?xml version="1.0" encoding="UTF-8"?>
<record
    xmlns:xsi="http://www.w3.org/2001/XMLSchema-instance"
    xsi:schemaLocation="http://www.loc.gov/MARC21/slim http://www.loc.gov/standards/marcxml/schema/MARC21slim.xsd"
    xmlns="http://www.loc.gov/MARC21/slim">

  <leader>01004    a2200217   4500</leader>
  <controlfield tag="001">54339</controlfield>
  <controlfield tag="005">20260407155815.0</controlfield>
  <controlfield tag="008">260407a1977    arg                 spa d</controlfield>
  <controlfield tag="003">AR-UNSa-BCEJYS</controlfield>
  <datafield tag="040" ind1=" " ind2=" ">
    <subfield code="a">AR-UNSa-BCEJYS</subfield>
    <subfield code="b">spa</subfield>
    <subfield code="c">AR-UNSa-BCEJYS</subfield>
  </datafield>
  <datafield tag="080" ind1=" " ind2=" ">
    <subfield code="a">330.43</subfield>
    <subfield code="x">Econometr&#xED;a</subfield>
  </datafield>
  <datafield tag="245" ind1="1" ind2="0">
    <subfield code="a">An&#xE1;lise de regress&#xE3;o</subfield>
    <subfield code="p">Uma introdu&#xE7;&#xE3;o &#xE0; econometria</subfield>
  </datafield>
  <datafield tag="264" ind1=" " ind2="1">
    <subfield code="a">San Pablo :</subfield>
    <subfield code="b">HUCITEC</subfield>
    <subfield code="c">1977</subfield>
  </datafield>
  <datafield tag="300" ind1=" " ind2=" ">
    <subfield code="a">xvi, 339 p.</subfield>
    <subfield code="c">21 cm.</subfield>
  </datafield>
  <datafield tag="505" ind1=" " ind2=" ">
    <subfield code="a">1. Introdu&#xE7;&#xE3;o e conceitos estatisticos b&#xE1;sicos &#x2013; 2. Regress&#xE3;o linear simple &#x2013; 3. Correla&#xE7;&#xE3;o &#x2013; 4. Regress&#xE3;o linear multipla &#x2013; 5. Uso de variaveis bin&#xE3;rias &#x2013; 6. Heterocedastica &#x2013; 7. Minimos quadrados generalizados e autocorrela&#xE7;&#xE3;o nos residuos &#x2013; 8. Erros nas vari&#xE3;veis independientes e vari&#xE3;veis defasadas &#x2013; 9. Equa&#xE7;oes simult&#xE3;neas &#x2013; 10. Regress&#xE3;o assintotica &#x2013; 11. Outros t&#xF3;picos. </subfield>
  </datafield>
  <datafield tag="041" ind1=" " ind2=" ">
    <subfield code="a">spa</subfield>
  </datafield>
  <datafield tag="942" ind1=" " ind2=" ">
    <subfield code="c">BK</subfield>
  </datafield>
  <datafield tag="590" ind1=" " ind2=" ">
    <subfield code="a">niveau_biblio:m niveau_hierar:0</subfield>
  </datafield>
  <datafield tag="100" ind1="1" ind2=" ">
    <subfield code="a">Hoffmann, Rodolfo</subfield>
  </datafield>
  <datafield tag="700" ind1="1" ind2=" ">
    <subfield code="a">Vieira, Sonia</subfield>
  </datafield>
  <datafield tag="999" ind1=" " ind2=" ">
    <subfield code="c">5501</subfield>
    <subfield code="d">5501</subfield>
  </datafield>
  <datafield tag="952" ind1=" " ind2=" ">
    <subfield code="0">0</subfield>
    <subfield code="1">0</subfield>
    <subfield code="4">0</subfield>
    <subfield code="7">0</subfield>
    <subfield code="a">BCEJYS</subfield>
    <subfield code="b">BCEJYS</subfield>
    <subfield code="c">16</subfield>
    <subfield code="d">2026-04-07</subfield>
    <subfield code="l">0</subfield>
    <subfield code="o">330.43 H699</subfield>
    <subfield code="p">L33204</subfield>
    <subfield code="r">2026-04-07 15:58:15</subfield>
    <subfield code="w">2026-04-07</subfield>
    <subfield code="y">L</subfield>
  </datafield>
</record>
